Statistics for Countries in Solid Squares of an Empty World Map

Click here to take the quiz!

General Stats

  • This quiz has been taken 1,447 times
  • The average score is 113 of 124

Answers on the Map

Answers color-coded by a green-red scale on the quiz's map according to % correct below.
Loading ...
 

Answer Stats

Box% Correct
United States / Mexico
99%
United States / Bahamas
99%
Norway / Sweden / Finland / Russia / Estonia / Latvia / Lithuania / Belarus / Ukraine / Poland / Denmark / Germany
99%
Russia
99%
Russia / China
99%
Russia / China / Japan
99%
Russia / China / Mongolia
99%
Russia / China / Mongolia / South Korea / North Korea
99%
Russia / Finland / Belarus / Ukraine / Kazakhstan
99%
Russia / Kazakhstan
99%
Russia / Kazakhstan / Kyrgyzstan / Tajikistan / Uzbekistan / Afghanistan / China / Mongolia
99%
Russia / Kazakhstan / Turkmenistan / Tajikistan / Uzbekistan / Iran / Kyrgyzstan / Afghanistan
99%
Russia / Mongolia
99%
Ukraine / Russia / Armenia / Georgia / Azerbaijan / Turkey / Iran
99%
Dominican Republic / United States / Grenada / Trinidad and Tobago / Antigua and Barbuda / St Kitts and Nevis / St Vincent and the Grenadines / Barbados / Venezuela / Netherlands / France / St Lucia / Dominica
99%
Norway / Sweden / Finland / Russia
99%
Colombia / Venezuela / Brazil / Guyana / France / Trinidad and Tobago / Suriname
99%
United States / Canada
99%
Canada / Denmark
98%
Canada
98%
China / Taiwan / South Korea / Japan
98%
Costa Rica / Panama / Colombia / Venezuela / Brazil / Peru / Ecuador
98%
India / Bangladesh / Myanmar / Thailand / Laos / China / Vietnam / Cambodia
98%
Brazil / Bolivia / Peru
98%
Argentina / Uruguay / Brazil
98%
Tajikistan / Pakistan / Afghanistan / India / China / Nepal / Bangladesh / Bhutan
98%
Australia / France / Vanuatu
98%
Ecuador / Peru / Brazil / Colombia / Bolivia
98%
China / Bhutan / Bangladesh / India / Myanmar
98%
United States
98%
Brazil / Paraguay / Argentina / Chile / Bolivia
98%
Australia / Indonesia / East Timor
97%
Australia / Indonesia / Papua New Guinea
97%
Brazil
97%
Portugal / Spain / France / Andorra / Monaco / United Kingdom / Italy / Switzerland / Liechtenstein / Austria / Germany / Belgium / Netherlands / Luxembourg
97%
Cuba / Bahamas / Dominican Republic / Haiti / Jamaica / Belize / Guatemala / Honduras / El Salvador / Nicaragua / Costa Rica / Colombia / Venezuela / Netherlands / Mexico
97%
Ireland / United Kingdom / Belgium / Netherlands / Germany / Denmark / Norway
97%
Spain / Portugal / Morocco / Mauritania / Algeria / Tunisia / Mali / Libya
97%
China / Taiwan / Philippines
97%
Iran / Turkmenistan / Afghanistan / Pakistan / Tajikistan / Uzbekistan / Qatar / Saudi Arabia / United Arab Emirates / Oman / India
96%
Chile / Argentina
96%
Saudi Arabia / United Arab Emirates / Oman / Yemen / India / Pakistan
96%
Libya / Egypt / Sudan / Chad / Nigeria / Niger / Cameroon / Algeria
96%
Sudan / South Sudan / D.R. of the Congo / R. of the Congo / Rwanda / Uganda / Central African Republic / Chad / Cameroon / Nigeria / Gabon / Equatorial Guinea / Burundi / Tanzania
96%
Peru / Bolivia / Chile / Argentina
96%
Australia
96%
Tunisia / Italy / Malta / Greece / Turkey / Egypt / Libya
95%
Namibia / Angola / Zambia / Zimbabwe / South Africa / Lesotho / Botswana
95%
Turkey / Syria / Cyprus / Egypt / Israel / Lebanon / Jordan / Saudi Arabia / Kuwait / Iraq / Iran / Bahrain
95%
Malawi / Mozambique / Madagascar / Zimbabwe / Eswatini / South Africa
95%
Egypt / Sudan / South Sudan / Eritrea / Djibouti / Somalia / Ethiopia / Saudi Arabia / Yemen
95%
R. of the Congo / D.R. of the Congo / Burundi / Rwanda / Tanzania / Angola / Zambia / Zimbabwe / Mozambique / Gabon
94%
South Africa / Lesotho
94%
India / Sri Lanka / Maldives
94%
Algeria / Mali / Mauritania / Guinea / Burkina Faso / Ghana / Togo / Benin / Nigeria / Niger
93%
Germany / Slovakia / Czech Republic / Poland / Ukraine / Moldova / Romania / Bulgaria / Greece / Turkey / Macedonia / Italy / Vatican City / San Marino / Slovenia / Austria / Hungary / Croatia / Bosnia and Herzegovina / Albania / Montenegro / Kosovo / Serbia
93%
India / Bangladesh
93%
Mexico / Guatemala / El Salvador
92%
Japan
91%
Mexico
91%
Kenya / Tanzania / Mozambique / Comoros / Madagascar / Malawi / Zambia
90%
Philippines / Brunei / Malaysia / Indonesia
90%
Palau / Micronesia / Indonesia
90%
Myanmar / Malaysia / Thailand / Singapore / Indonesia
89%
Sudan / South Sudan / Ethiopia / Kenya / Uganda / Tanzania / Somalia
88%
Denmark / Iceland
87%
Guinea / Liberia / Ivory Coast / Mali / Burkina Faso / Ghana / Togo / Benin / Nigeria / Cameroon / Gabon / São Tomé and Príncipe / Equatorial Guinea
87%
Cape Verde / Morocco / Mauritania / Mali / Senegal / Gambia / Guinea / Guinea-Bissau
85%
New Zealand
82%
Indonesia
82%
Mauritius / France (Réunion)
79%
Iceland / Ireland
78%
Micronesia / Nauru / Marshall Islands / Kiribati
73%
Denmark
72%
Kiribati / Tuvalu / Samoa
69%
Kiribati / Marshall Islands
68%
Morocco / Mauritania
67%
Kiribati
61%
Papua New Guinea / Solomon Islands / Vanuatu
59%
Fiji / Tonga
58%
Ecuador
53%
Micronesia
48%
Seychelles
40%
Marshall Islands
38%
Guinea / Sierra Leone / Liberia
34%

Score Distribution

Percentile by Number Answered

Percent of People with Each Score

Your Score History

You have not taken this quiz